| 000 | 00373pab a2200145 454500 | ||
|---|---|---|---|
| 008 | 180718b1986 xxu||||| |||| 00| 0 eng d | ||
| 100 | _aGladdish, Ken | ||
| 245 | _aThe Dutch political parties and the May 1986 elections | ||
| 260 | _c1986 | ||
| 300 | _a317-37 | ||
| 362 | _aSummer | ||
| 650 | _aPolitical Parties | ||
| 773 | _aGovernment and Opposition | ||
| 909 | _a15273 | ||
| 999 |
_c15273 _d15273 |
||